00589nam a22001691a 45000010005000000030004000050050017000090080041000260200015000670500021000821100027001032450133001302640025002633000009002886500051002977100071003481986OSt20260204211755.0070104s2006||||dr ||||||b||||||||||spa|| a9993495700 aRD 378.168 R299s aRepública Dominicana aSituación y perspectiva de la evaluación y acreditación de la educación superior como mecanismo para promover la calidad aSanto Domingo: AOAAC a60 p a1.Creditos Educativos - República Dominicana aAsociaciones Dominicana para el Autoestudio y la AcreditaciónÌ